00711nam a2200217Ia 4500003000900000008004100009040001300050040001300063041000800076100002300084245005600107250001200163260001500175260000900190300001000199490000600209600005400215942000700269999001700276952020000293IT-RoPAU120407s9999 xx 000 0 und d aIT-RoPAU cIT-RoPAU aita aJacopo da Varagine aLeggenda Aurea. Trad. dal latino di Cecilia Lisi aFirenze aFiorentina c1985 c20 cm v2 a"1° v. 448 p. 2° v. 449 - 878 p. " cBK c13765d13765 00102ddc406922_12600000000000071aPAULUSbPAULUSd2012-04-11l0o922.126r2012-04-11 00:00:00w2012-04-11yBKzInserito da: LUCIA In data: 02 settembre 2011 fondo: Via A.Severo 56 Progr:23964